000 00392 a2200169 4500
001 15110
020 _a9788526243781
040 _cAnchieta - Aquarius
100 _aDiego, J. L.
240 1 0 _aHistórias de um livro aberto
_lpor
245 1 0 _aHistórias de um livro aberto
300 _a40
362 0 _a2002
440 1 _aScipione
650 4 _aLiteratura infanto-juvenil
942 _cBK
999 _c15110
_d15110